Nintendo Switch 2 Direct Announcements - Statistics

General Stats
  • This quiz has been taken 91 times
    77 since last reset
  • The average score is 5 of 35
Answer Stats
Answer % Correct
Mario Kart World
97%
Donkey Kong Bananza
66%
Kirby Air Riders
45%
Elden Ring Tarnished Edition
31%
The Duskbloods
29%
Hyrule Warriors Age of Imprisonment
21%
Drag X Drive
18%
Kirby and the Forgotten Land: Star-Crossed Roads (Nintendo Switch 2 Edition)
15%
Metroid Prime 4 Beyond - Nintendo Switch 2 Edition
15%
Super Mario Party Jamboree - Nintendo Switch 2 Edition + Jamboree TV
15%
The Legend of Zelda Breath of the Wild - Nintendo Switch 2 Edition
15%
The Legend of Zelda Tears of the Kingdom - Nintendo Switch 2 Edition
15%
Borderlands 4
11%
Split Fiction
8%
Hades 2
6%
Street Fighter 6 Years1-2 Fighters Edition
6%
Survival Kids
6%
Hitman World of Assassination
5%
Pokémon Legends Z-A
5%
Project 007
5%
Yakuza 0 Director's Cut
5%
Civilization 7
3%
Deltarune Chapters 1-4
3%
Enter the Gungeon 2
3%
NBA 2K
3%
Daemon x Machina Titanic Scion
2%
EA Sports Madden NFL
2%
Kunitsu-Gami: Path of the Goddess
2%
Tony Hawk's Pro Skater 3+4
2%
Bravely Default Flying Fairy HD Remaster
0%
EA Sports FC
0%
Nobunaga's Ambition: Awakening Complete Edition
0%
Story of Seasons: Grand Bazaar
0%
Wild Hearts S
0%
WWE 2K
0%
No matching quizzes found
Score Distribution
Percent of People with Each Score
Percentile by Number Answered
Your Score History
You have not taken this quiz since the last reset